[Event "POR-ch Seniors 65"]
[Site "Luso"]
[Date "2018.03.25"]
[Round "1"]
[White "Gasalho, Mario da Conceicao"]
[Black "Bray, Jose Manuel"]
[Result "1/2-1/2"]
[WhiteElo "1441"]
[BlackElo "1784"]
[PlyCount "77"]
[EventDate "2018.03.25"]
[EventType "swiss"]
[EventRounds "5"]
[EventCountry "POR"]
[SourceTitle "EXT 2019"]
[Source "ChessBase"]
[SourceDate "2018.10.10"]
[SourceVersion "1"]
[SourceVersionDate "2018.10.10"]
[SourceQuality "1"]

1. Nf3 d5 2. c4 Nf6 3. cxd5 g6 4. Nc3 Nxd5 5. e4 Nxc3 6. bxc3 Bg7 7. d4 c5 8. Be3 0-0 9. Qd2 Qa5 10. Rc1 Rd8 11. d5 Nc6 12. Be2 Bg4 13. 0-0 Bxf3 14. Bxf3 Ne5 15. Be2 Rac8 16. f4 Nd7 17. e5 Nb6 18. c4 Qxd2 19. Bxd2 Nd7 20. a4 f6 21. e6 Nf8 22. Bc3 f5 23. Bxg7 Kxg7 24. Rb1 Rc7 25. Rb5 h6 26. Rfb1 Rb8 27. Bd3 Nh7 28. Kf2 Nf6 29. h3 h5 30. Kf3 Ne8 31. h4 Nd6 32. R5b3 Kf6 33. g3 b6 34. R3b2 Nb7 35. Rb5 Nd6 36. R5b2 Nc8 37. Rb3 Rcb7 38. R3b2 Nd6 39. Rb3 1/2-1/2

[Event "POR-ch prel"]
[Site "Lisbon"]
[Date "2015.03.08"]
[Round "2"]
[White "Bray, Jose Manuel"]
[Black "Nunes, Adelino Vitor"]
[Result "1-0"]
[WhiteElo "1890"]
[BlackElo "1650"]
[PlyCount "105"]
[EventDate "2015.03.08"]
[EventType "swiss"]
[EventRounds "9"]
[EventCountry "POR"]
[SourceTitle "EXT 2018"]
[Source "ChessBase"]
[SourceDate "2017.10.13"]
[SourceVersion "1"]
[SourceVersionDate "2017.10.13"]
[SourceQuality "1"]

1. e4 c5 2. Nf3 g6 3. Bc4 Bg7 4. 0-0 d6 5. c3 Nf6 6. Re1 Nc6 7. d4 cxd4 8. cxd4 0-0 9. h3 a6 10. a4 Bd7 11. Nc3 Na5 12. Ba2 b5 13. e5 dxe5 14. dxe5 Ne8 15. Bd5 Rc8 16. axb5 axb5 17. Bxf7+ Rxf7 18. e6 Rxf3 19. exd7 Rfxc3 20. dxc8Q Rxc8 21. Qxd8 Rxd8 22. Rxa5 Rd5 23. Ra7 Bf8 24. Be3 Nd6 25. Ra8 Kf7 26. b4 Nf5 27. Bc5 h5 28. Rb8 Nd6 29. Bxd6 exd6 30. Rb7+ Kf6 31. g3 Bh6 32. Ree7 Bd2 33. Re4 Kf5 34. f3 Bc3 35. Rf7+ Bf6 36. Rf4+ Ke5 37. R7xf6 Rd1+ 38. Kf2 Rb1 39. Rxg6 Rb2+ 40. Ke1 Rb1+ 41. Kd2 Kd5 42. Rg5+ Kc6 43. Rxh5 Rb2+ 44. Kc3 Re2 45. Rff5 Re3+ 46. Kd2 Rb3 47. Rh4 Ra3 48. Rd4 Ra2+ 49. Kc3 Ra3+ 50. Kb2 Re3 51. Rf6 Re2+ 52. Kc3 Re3+ 53. Rd3 1-0

[Event "POR-ch Seniors"]
[Site "Sao Pedro do Sul"]
[Date "2015.01.15"]
[Round "7"]
[White "Bray, Jose Manuel"]
[Black "Santos, Julio Fernandes"]
[Result "0-1"]
[WhiteElo "1882"]
[BlackElo "1949"]
[PlyCount "109"]
[EventDate "2015.01.11"]
[EventType "swiss"]
[EventRounds "7"]
[EventCountry "POR"]
[SourceTitle "EXT 2018"]
[Source "ChessBase"]
[SourceDate "2017.10.13"]
[SourceVersion "1"]
[SourceVersionDate "2017.10.13"]
[SourceQuality "1"]

1. d4 d5 2. Nf3 g6 3. g3 Bg7 4. Bg2 Nf6 5. 0-0 c6 6. c3 Ne4 7. Ne5 Nd6 8. Nd2 Nd7 9. Ndf3 f6 10. Nd3 e5 11. dxe5 fxe5 12. Ng5 Qf6 13. f4 e4 14. Ne5 h6 15. Nxd7 Bxd7 16. Nh3 0-0 17. Be3 Nf5 18. Bc5 Rfe8 19. Nf2 b6 20. Bd4 Nxd4 21. cxd4 Qxd4 22. Rb1 Qxd1 23. Rfxd1 a5 24. Nxe4 Bf5 25. Nd6 Bxb1 26. Nxe8 Rxe8 27. Rxb1 Rxe2 28. Rc1 Bd4+ 29. Kh1 Rxb2 30. Bh3 Bc5 31. Bd7 Kf7 32. Bxc6 Ke6 33. a4 d4 34. Be4 Kf6 35. Rc2 Rb1+ 36. Kg2 Re1 37. Bd3 Re3 38. Rd2 Bb4 39. Rd1 g5 40. fxg5+ Kxg5 41. Bb5 Bc3 42. Rd3 Re2+ 43. Kh3 Rb2 44. Bd7 Rf2 45. Bb5 Kf5 46. Bc6 Ke5 47. g4 Bd2 48. Kg3 Be1 49. Kh3 Rc2 50. Bb5 Ke4 51. Rd1 Rc3+ 52. Kg2 Bh4 53. Rb1 d3 54. Kh3 Bf2 55. Kg2 0-1

[Event "POR-ch Seniors"]
[Site "Sao Pedro do Sul"]
[Date "2015.01.13"]
[Round "4"]
[White "Bray, Jose Manuel"]
[Black "Seia, Joao Manuel Barrada"]
[Result "1-0"]
[WhiteElo "1882"]
[BlackElo "1755"]
[PlyCount "41"]
[EventDate "2015.01.11"]
[EventType "swiss"]
[EventRounds "7"]
[EventCountry "POR"]
[SourceTitle "EXT 2018"]
[Source "ChessBase"]
[SourceDate "2017.10.13"]
[SourceVersion "1"]
[SourceVersionDate "2017.10.13"]
[SourceQuality "1"]

1. e4 c5 2. c3 Nf6 3. e5 Nd5 4. Nf3 Nc6 5. Bc4 Nb6 6. Bb3 c4 7. Bc2 Qc7 8. Qe2 g5 9. h3 Bg7 10. d4 cxd3 11. Bxd3 Nxe5 12. Nxe5 Bxe5 13. Bxg5 h6 14. Bxe7 Kxe7 15. f4 Re8 16. fxe5 Kf8 17. 0-0 Rxe5 18. Qf3 d5 19. Qf6 Re6 20. Qh8+ Ke7 21. Rxf7+ 1-0

[Event "Famalicao op 2nd"]
[Site "Famalicao"]
[Date "2014.09.06"]
[Round "7"]
[White "Oliveira, Maria Alice Ramos"]
[Black "Bray, Jose Manuel"]
[Result "0-1"]
[WhiteElo "1627"]
[BlackElo "1885"]
[PlyCount "92"]
[EventDate "2014.09.01"]
[EventType "swiss"]
[EventRounds "7"]
[EventCountry "POR"]
[SourceTitle "EXT 2018"]
[Source "ChessBase"]
[SourceDate "2017.10.13"]
[SourceVersion "1"]
[SourceVersionDate "2017.10.13"]
[SourceQuality "1"]

1. e4 g6 2. d4 Bg7 3. Nc3 c5 4. Nf3 cxd4 5. Nxd4 Nc6 6. Be3 d6 7. Bc4 Nf6 8. f3 Bd7 9. Qd2 Rc8 10. Bb3 Na5 11. 0-0-0 Nc4 12. Bxc4 Rxc4 13. g4 a6 14. Kb1 b5 15. h4 h5 16. g5 Nh7 17. f4 0-0 18. f5 Be5 19. Rdf1 e6 20. fxg6 fxg6 21. Nce2 Qa8 22. Nf3 Qxe4 23. Nxe5 Qxe5 24. Bf4 Qd5 25. Qxd5 exd5 26. Bxd6 Rxf1+ 27. Rxf1 Rxh4 28. Nf4 Bf5 29. Nxd5 Nxg5 30. Ne7+ Kf7 31. Nxf5 gxf5 32. Bg3 Rg4 33. Bf4 Ne4 34. Kc1 Kg6 35. Bc7 h4 36. Kd1 Ng3 37. Bxg3 Rxg3 38. Rh1 Kg5 39. Rh2 Kg4 40. Ke2 f4 41. b3 h3 42. c4 bxc4 43. bxc4 Rc3 44. Kd2 Rxc4 45. Kd3 Ra4 46. Kc3 Kg3 0-1

[Event "Famalicao op 2nd"]
[Site "Famalicao"]
[Date "2014.09.04"]
[Round "5"]
[White "Bray, Daniel Jose Freire"]
[Black "Bray, Jose Manuel"]
[Result "1-0"]
[WhiteElo "2169"]
[BlackElo "1885"]
[PlyCount "37"]
[EventDate "2014.09.01"]
[EventType "swiss"]
[EventRounds "7"]
[EventCountry "POR"]
[SourceTitle "EXT 2018"]
[Source "ChessBase"]
[SourceDate "2017.10.13"]
[SourceVersion "1"]
[SourceVersionDate "2017.10.13"]
[SourceQuality "1"]

1. e4 e5 2. Nf3 d6 3. d4 Bg4 4. dxe5 Bxf3 5. gxf3 dxe5 6. Qxd8+ Kxd8 7. Bc4 f6 8. Be3 Nc6 9. Nc3 Nd4 10. 0-0-0 Bc5 11. Nb5 c6 12. Nxd4 exd4 13. Bxd4 Bxd4 14. Rxd4+ Kc7 15. Rhd1 b5 16. Rd7+ Kb6 17. Bxg8 Rhxg8 18. Rf7 a5 19. Rdd7 1-0

[Event "POR-ch Seniors"]
[Site "Fatima"]
[Date "2013.03.25"]
[Round "2.5"]
[White "Rodrigues, Luis Eugenio"]
[Black "Bray, Jose Manuel"]
[Result "0-1"]
[WhiteElo "1714"]
[BlackElo "1923"]
[PlyCount "80"]
[EventDate "2013.03.23"]
[EventType "swiss"]
[EventRounds "7"]
[EventCountry "POR"]
[SourceTitle "EXT 2015"]
[Source "ChessBase"]
[SourceDate "2014.11.20"]
[SourceVersion "1"]
[SourceVersionDate "2014.11.20"]
[SourceQuality "1"]

1. e4 g6 2. Nf3 Bg7 3. d4 c5 4. Nc3 cxd4 5. Nxd4 Nc6 6. Be3 Nf6 7. f3 0-0 8. Qd2 d5 9. 0-0-0 Nxd4 10. Bxd4 dxe4 11. Be3 Qxd2+ 12. Rxd2 exf3 13. gxf3 Bf5 14. Bd3 Bd7 15. Bb5 Bxb5 16. Nxb5 a6 17. Nc3 b5 18. Rhd1 Rfc8 19. Kb1 e6 20. Bg5 h6 21. Be3 g5 22. Kc1 Kh7 23. Rd3 Kg6 24. R1d2 Rc6 25. Bd4 Rac8 26. Ne2 Nd5 27. Bxg7 Kxg7 28. Nd4 Nf4 29. Ra3 Rc4 30. Re3 Kf6 31. Kd1 Rd8 32. c3 b4 33. Kc2 bxc3 34. bxc3 e5 35. Ne2 Rxd2+ 36. Kxd2 Nxe2 37. Kxe2 Ra4 38. Kd3 Rxa2 39. Ke4 Ke6 40. c4 f5+ 0-1

[Event "POR-ch qual"]
[Site "Amadora"]
[Date "2011.09.11"]
[Round "9"]
[White "Aguiar, Henrique Rui Neves"]
[Black "Bray, Jose Manuel"]
[Result "1-0"]
[WhiteElo "2032"]
[BlackElo "1885"]
[PlyCount "115"]
[EventDate "2011.09.03"]
[EventType "swiss"]
[EventRounds "9"]
[EventCountry "POR"]
[SourceTitle "CBM 144 Extra"]
[Source "ChessBase"]
[SourceDate "2011.10.28"]
[SourceVersion "1"]
[SourceVersionDate "2011.10.28"]
[SourceQuality "1"]

1. e4 e6 2. Qe2 c5 3. Nf3 Nc6 4. g3 Nf6 5. Bg2 Be7 6. 0-0 0-0 7. d3 d6 8. c3 Bd7 9. Rd1 e5 10. a3 a5 11. a4 Qc8 12. Na3 Na7 13. d4 Bxa4 14. Re1 Qc7 15. d5 Bd7 16. Nh4 b5 17. f4 b4 18. Nc2 Nb5 19. Nf5 Rfe8 20. fxe5 dxe5 21. Qf3 Nd6 22. Nxe7+ Rxe7 23. Bg5 Nde8 24. Red1 Bg4 25. Qf1 Bxd1 26. Rxd1 Rd7 27. Ne3 h6 28. Bxf6 Nxf6 29. Nc4 Ne8 30. Bh3 Rdd8 31. Qf5 Nd6 32. Qxe5 bxc3 33. Nxd6 Qxd6 34. Qxc3 Qb6 35. e5 Rab8 36. Rd2 c4+ 37. Kh1 Qb3 38. Qd4 Rb4 39. e6 fxe6 40. Bxe6+ Kh8 41. Rf2 c3 42. Qxc3 Qxc3 43. bxc3 Rb1+ 44. Kg2 Rc1 45. Ra2 Rxc3 46. Rxa5 Rd3 47. h4 g6 48. Ra7 R3xd5 49. Bxd5 Rxd5 50. Kh3 h5 51. Kg2 Rb5 52. Kf3 Rc5 53. Kf4 Rb5 54. Re7 Ra5 55. Re5 Ra4+ 56. Kg5 Rg4+ 57. Kh6 Kg8 58. Rg5 1-0

[Event "POR-ch qual"]
[Site "Amadora"]
[Date "2011.09.05"]
[Round "3"]
[White "Pereira, Susana Martins"]
[Black "Bray, Jose Manuel"]
[Result "0-1"]
[WhiteElo "1544"]
[BlackElo "1885"]
[PlyCount "60"]
[EventDate "2011.09.03"]
[EventType "swiss"]
[EventRounds "9"]
[EventCountry "POR"]
[SourceTitle "CBM 144 Extra"]
[Source "ChessBase"]
[SourceDate "2011.10.28"]
[SourceVersion "1"]
[SourceVersionDate "2011.10.28"]
[SourceQuality "1"]

1. e4 e6 2. d4 d5 3. exd5 exd5 4. Bd3 Nf6 5. h3 Bd6 6. Qf3 Nc6 7. c3 Be6 8. Ne2 0-0 9. 0-0 Re8 10. Bf4 Ne4 11. Re1 Qf6 12. Bxe4 dxe4 13. Qg3 Bf5 14. Nd2 Rad8 15. Nc4 h6 16. Ne3 Ne7 17. c4 Bxf4 18. Qxf4 Qg5 19. Nxf5 Nxf5 20. Qxc7 e3 21. f4 Qh4 22. Qxb7 Qf2+ 23. Kh1 Nh4 24. b3 f5 25. Rac1 Re4 26. Rg1 Qxe2 27. Qxa7 Rexd4 28. Qe7 Qf2 29. Rcf1 Qg3 30. Re1 Nf3 0-1

[Event "Figueira da Foz op 7th"]
[Site "Figueira da Foz"]
[Date "2010.11.05"]
[Round "7.13"]
[White "Bray, Jose Manuel"]
[Black "Adams, Philip"]
[Result "0-1"]
[WhiteElo "1896"]
[BlackElo "2133"]
[PlyCount "54"]
[EventDate "2010.10.31"]
[EventType "swiss"]
[EventRounds "9"]
[EventCountry "POR"]
[SourceTitle "EXT 2011"]
[Source "ChessBase"]
[SourceDate "2010.11.26"]
[SourceVersion "1"]
[SourceVersionDate "2010.11.26"]
[SourceQuality "1"]

1. c4 g6 2. Nf3 Bg7 3. Nc3 d6 4. g3 Nf6 5. Bg2 0-0 6. 0-0 a6 7. d4 Nbd7 8. e4 c5 9. d5 b5 10. Nd2 Nb6 11. cxb5 axb5 12. Re1 b4 13. Ne2 Ba6 14. a3 Bb5 15. Nf4 Nfd7 16. Bf1 Bxf1 17. Nxf1 Nc4 18. Rb1 bxa3 19. bxa3 Nxa3 20. Rb7 Nc4 21. Ne3 Qc8 22. Rb3 Nce5 23. Qe2 Qa6 24. Kg2 Rfb8 25. Rxb8+ Nxb8 26. Bb2 Qxe2 27. Nxe2 Nd3 0-1